Gaming Quiz

Random Gaming or Numbers Quiz

Quick Dice Picking Quiz Stats

 Plays Quiz Updated Jun 30, 2018

Challenge
Share
Tweet
Score 0/60 Timer 00:45
5 Plays Today
Hint Number % Correct
Die4-(padded).gif-1???
99.7%
Die2-(padded).gif-2???
97%
Die3-(padded).gif-3???
95.1%
Die6-(padded).gif-4???
91.7%
Die4-(padded).gif-5???
87.7%
Die5-(padded).gif-6???
86.5%
Die4-(padded).gif-7???
83.5%
Die2-(padded).gif-8???
82%
Die1-(padded).gif-9???
81.2%
Die3-(padded).gif-10???
79.6%
Die4-(padded).gif-11???
78.1%
Die3-(padded).gif-12???
75.3%
Die4-(padded).gif-13???
74%
Die5-(padded).gif-14???
73%
Die6-(padded).gif-15???
72.1%
Die5-(padded).gif-16???
69%
Die6-(padded).gif-17???
68%
Die2-(padded).gif-18???
66.7%
Die5-(padded).gif-19???
64.9%
Die6-(padded).gif-20???
64.4%
Die5-(padded).gif-21???
62.9%
Die5-(padded).gif-22???
62.4%
Die2-(padded).gif-23???
61.7%
Die2-(padded).gif-24???
61.3%
Die1-(padded).gif-25???
60.5%
Die6-(padded).gif-26???
58.8%
Die3-(padded).gif-27???
57.4%
Die5-(padded).gif-28???
55.9%
Die5-(padded).gif-29???
55.3%
Die2-(padded).gif-30???
54.3%
Hint Number % Correct
Die4-(padded).gif-31???
51.8%
Die3-(padded).gif-32???
50.1%
Die1-(padded).gif-33???
49.1%
Die1-(padded).gif-34???
48.5%
Die3-(padded).gif-35???
46.3%
Die2-(padded).gif-36???
45.1%
Die4-(padded).gif-37???
43.1%
Die6-(padded).gif-38???
41.3%
Die6-(padded).gif-39???
40.8%
Die1-(padded).gif-40???
39.8%
Die3-(padded).gif-41???
37.8%
Die6-(padded).gif-42???
36.5%
Die4-(padded).gif-43???
34.6%
Die1-(padded).gif-44???
33.5%
Die4-(padded).gif-45???
31.7%
Die3-(padded).gif-46???
30.1%
Die1-(padded).gif-47???
28.8%
Die3-(padded).gif-48???
26.9%
Die5-(padded).gif-49???
25.5%
Die6-(padded).gif-50???
24.7%
Die4-(padded).gif-51???
22.7%
Die1-(padded).gif-52???
21.9%
Die2-(padded).gif-53???
21%
Die3-(padded).gif-54???
20.2%
Die1-(padded).gif-55???
19.2%
Die2-(padded).gif-56???
18.6%
Die5-(padded).gif-57???
17.4%
Die6-(padded).gif-58???
16.7%
Die2-(padded).gif-59???
16%
Die1-(padded).gif-60???
15.6%

You're not logged in!

Compare scores with friends on all Sporcle quizzes.
OR
Log In

You Might Also Like...

Show Comments

Extras

Top Quizzes Today


Score Distribution

Your Account Isn't Verified!

In order to create a playlist on Sporcle, you need to verify the email address you used during registration. Go to your Sporcle Settings to finish the process.

Report this User

Report this user for behavior that violates our Community Guidelines.

Details: